000 01306nam a2200217Ia 4500
999 _c20429
_d20429
003 OSt
005 20211025111038.0
008 160316s2000 xxu||||| |||| 00| 0 eng d
020 _a9788187218302
040 _cn
082 _a331.800000
_bAER
100 _aAerthayil Mathew
245 _aFishworkers movement in Kerala 1977 - 1994 : The role of non-party political organisations in social transformation in India
260 _aNew Delhi
_bIndian Social Institute
_c2000
300 _a183p
365 _bRs.100
505 _aThe book "Fishworkers' Movement in Kerala, 1977-1994 The Role of Non-Party Political Organisations in Social Transformation in India" is written by Mathew Aerthayil. This book was published in the year 2000. The ISBN number 8187218304|9788187218302 is assigned to the Paperback version of this title. This book has total of pp. viii + 183 (Pages). The publisher of this title is Indian Social Institute. We have about 535 other great books from this publisher. Fishworkers' Movement in Kerala, 1977-199
650 _a1. Labour Movement - Kerala2. Fishworker's Movement - Kerala 1977 - 19943. Fishworker's Movement - Role - Non-Political Organisation4. Fishworker's Movement - Social Transformation - Role - Non - Profit - Organisation
700 _a
_a
942 _2ddc
_cBK